Sports Quiz

Random Sports or Numbers Quiz

England 2002 World Cup Squad Quiz Stats

 Plays Quiz not verified by Sporcle

Score 0/23 Timer 06:00
0 Plays Today
Number Name % Correct
7David Beckham
96.7%
10Michael Owen
95.9%
1David Seaman
91.1%
5Rio Ferdinand
90.6%
3Ashley Cole
90.1%
19Joe Cole
88.5%
8Paul Scholes
87.2%
6Sol Campbell
82.4%
11Emile Heskey
80.9%
22David James
74.7%
21Nicky Butt
67.1%
17Teddy Sheringham
63.8%
Number Name % Correct
2Danny Mills
63.3%
9Robbie Fowler
57.4%
13Nigel Martyn
56.1%
4Trevor Sinclair
55.9%
18Owen Hargreaves
53.8%
15Martin Keown
46.4%
14Wayne Bridge
40.6%
20Darius Vassell
37.8%
16Gareth Southgate
36%
12Wes Brown
33.4%
23Kieron Dyer
28.3%

You're not logged in!

Compare scores with friends on all Sporcle quizzes.
Join for Free
OR
Log In

You Might Also Like...

Show Comments

Extras

Top Quizzes Today


Score Distribution

Your Account Isn't Verified!

In order to create a playlist on Sporcle, you need to verify the email address you used during registration. Go to your Sporcle Settings to finish the process.

Report this User

Report this user for behavior that violates our Community Guidelines.

Details: